[Event "Lindsborg"]
[Site "?"]
[Date "2004.??.??"]
[Round "?"]
[White "Miton, K."]
[Black "Gonzalez, Ren"]
[Result "1/2-1/2"]
[WhiteElo "2600"]
[BlackElo "2425"]
[PlyCount "85"]
[EventDate "2004.??.??"]
[Source "Chess Informant"]
[SourceDate "2004.10.01"]

1. d4 d5 2. c4 c6 3. Nc3 dxc4 4. e4 b5 5. a4 b4 6. Na2 Nf6 7. e5 Nd5 8. Bxc4 e6 9. Nf3 a5 10. Bg5 Qb6 11. O-O h6 12. Bd2 Ba6 13. Qe2 Be7 14. Nc1 c5 15. Nb3 cxd4 16. Rfc1 O-O 17. Nfxd4 Rc8 18. Bxa6 Nxa6 19. Qg4 Kf8 20. Qe4 Kg8 21. Nf5 Bf8 22. Ne3 Nc5 23. Nxd5 exd5 24. Qe3 Qa7 25. Nxc5 Bxc5 26. Qe2 Qb6 27. Bf4 Bd4 28. Rd1 b3 29. Rac1 Re8 30. Bg3 Rac8 31. h3 Rxc1 32. Rxc1 Qb4 33. Rd1 Qc5 34. Qd3 Bxe5 35. Re1 f6 36. Bxe5 Rxe5 37. Rxe5 fxe5 38. Qxb3 e4 39. Qb8+ Kh7 40. Qe5 Qc1+ 41. Kh2 Qd2 42. Qf5+ Kh8 43. Qf8+ 1/2-1/2

[Event "Dieren op"]
[Site "Dieren"]
[Date "1999.07.27"]
[Round "8"]
[White "Gustafsson, Jan"]
[Black "Savchenko, Stanislav"]
[Result "1/2-1/2"]
[WhiteElo "2436"]
[BlackElo "2583"]
[PlyCount "31"]
[EventDate "1999.07.20"]
[Source "ChessBase"]
[SourceDate "1999.09.14"]

1. d4 d5 2. c4 c6 3. Nc3 dxc4 4. e4 b5 5. a4 b4 6. Na2 Nf6 7. e5 Nd5 8. Bxc4 e6 9. Nf3 Be7 10. Bd2 a5 11. Nc1 Nd7 12. Nb3 Bb7 13. O-O h6 14. Qc2 Kf8 15. Rfc1 Rc8 16. Qe4 1/2-1/2

[Event "Bar op"]
[Site "?"]
[Date "2003.??.??"]
[Round "6"]
[White "Markus Robert"]
[Black "Blagojevic Dragisa"]
[Result "1-0"]
[WhiteElo "2481"]
[BlackElo "2535"]
[PlyCount "96"]
[EventDate "2003.??.??"]
[Source "www.chesslib.no"]
[SourceDate "2004.05.04"]

1. d4 d5 2. c4 c6 3. Nc3 dxc4 4. e4 b5 5. a4 b4 6. Na2 Nf6 7. e5 Nd5 8. Bxc4 e6 9. Nf3 Be7 10. Bd2 a5 11. Nc1 Nd7 12. Nb3 Bb7 13. Qe2 O-O 14. O-O c5 15. Rfc1 N5b6 16. Bb5 c4 17. Bxc4 Nxc4 18. Qxc4 h6 19. Be3 Bd5 20. Qc2 f5 21. exf6 Bxf6 22. Nbd2 e5 23. Qf5 Kh8 24. Qg4 Ra6 25. Rc2 Re6 26. Rac1 e4 27. Ne1 Be7 28. b3 Bd6 29. Nc4 Bc7 30. Nd2 Bb8 31. Qe2 Bb7 32. Qb5 Ba6 33. Qd5 Rd6 34. Qxe4 Nf6 35. Qh4 Rd5 36. Rc5 Qe8 37. Nef3 Kg8 38. Rxd5 Nxd5 39. Qe4 Qf7 40. Rc5 Nc3 41. Qg4 Bd3 42. Bxh6 Qf6 43. Bxg7 Bf5 44. Bxf6+ Bxg4 45. Be5 Ba7 46. Rc6 Bxf3 47. Nxf3 Rxf3 48. gxf3 Bxd4 1-0

[Event "XII It"]
[Site "Solin-Split"]
[Date "2004.12.11"]
[Round "8"]
[White "Jankovic, Alojzije"]
[Black "Dizdarevic, Emir"]
[Result "1-0"]
[WhiteElo "2477"]
[BlackElo "2538"]
[PlyCount "73"]
[EventDate "2004.12.03"]
[Source "Roberto Alvarez"]
[SourceDate "2004.12.13"]

1. d4 d5 2. c4 c6 3. Nc3 dxc4 4. e4 b5 5. a4 b4 6. Na2 Nf6 7. e5 Nd5 8. Bxc4 e6 9. Nf3 Be7 10. O-O a5 11. Bd2 Ba6 12. Qe2 h6 13. Nc1 Bxc4 14. Qxc4 Qb6 15. Nd3 Qa6 16. Rfc1 Qxc4 17. Rxc4 Kd7 18. b3 Na6 19. Rac1 Rhc8 20. R4c2 Rc7 21. Nb2 c5 22. Nc4 Nb8 23. Be3 Ra6 24. dxc5 Nxe3 25. fxe3 Rxc5 26. Nd4 Nc6 27. Nb5 Rd5 28. Nxa5 Rxa5 29. Rxc6 Rd1+ 30. Kf2 Rd2+ 31. Kf3 f5 32. Rc8 Bd8 33. Rb8 Ke7 34. Nd4 Rd5 35. Rcc8 R5xd4 36. exd4 Rxd4 37. Rb7+ 1-0

[Event "Bad Wiessee (10.05.-18.05)"]
[Site "?"]
[Date "2003.05.10"]
[Round "1"]
[White "Finzer Lothar"]
[Black "Hein Manfred[36Gunzenh"]
[Result "0-1"]
[WhiteElo "2500"]
[BlackElo "2500"]
[PlyCount "68"]
[EventDate "2003.??.??"]
[Source "www.chesslib.no"]
[SourceDate "2004.05.04"]

1. d4 d5 2. c4 c6 3. Nc3 dxc4 4. e4 e5 5. dxe5 Qxd1+ 6. Nxd1 Be6 7. Nc3 Bb4 8. Bd2 Nd7 9. f4 g6 10. Nf3 Nc5 11. Ng5 b5 12. g3 Ne7 13. Nb1 a5 14. Nxe6 fxe6 15. a3 Nb3 16. Ra2 Bxd2+ 17. Nxd2 Nd4 18. Bh3 Kf7 19. O-O Rhd8 20. Rf2 Ra7 21. Ra1 Rad7 22. Raf1 h6 23. Bg2 a4 24. Nb1 Nb3 25. Bf3 Rd4 26. Kg2 Nd2 27. Nxd2 Rxd2 28. g4 c5 29. Rxd2 Rxd2+ 30. Rf2 Rd3 31. Kf1 Nc6 32. f5 Nxe5 33. Be2 Rd2 34. fxe6+ Ke7 0-1

[Event "Bad Wiessee (10.05.-18.05)"]
[Site "?"]
[Date "2003.05.18"]
[Round "9"]
[White "Foehl Frithjof"]
[Black "Hein Manfred[36Gunzenh"]
[Result "0-1"]
[WhiteElo "2500"]
[BlackElo "2500"]
[PlyCount "170"]
[EventDate "2003.??.??"]
[Source "www.chesslib.no"]
[SourceDate "2004.05.04"]

1. d4 d5 2. c4 c6 3. Nc3 dxc4 4. e4 e5 5. Bxc4 Qxd4 6. Qe2 Bb4 7. Bd2 Nf6 8. Nf3 Qd6 9. h3 Be6 10. Bxe6 Qxe6 11. a3 Bd6 12. Nh4 g6 13. Bh6 Nbd7 14. O-O Rg8 15. Rad1 Nh5 16. Qd2 Be7 17. Nf3 O-O-O 18. Ng5 Bxg5 19. Bxg5 f6 20. Be3 Nb6 21. Qc1 Qc4 22. Qc2 Rxd1 23. Rxd1 Rd8 24. Kh2 Rxd1 25. Qxd1 Qe6 26. g3 Ng7 27. a4 Kc7 28. Qc2 Kb8 29. b3 Qd7 30. a5 Nc8 31. Na4 Ne6 32. Kg2 h5 33. h4 Nc7 34. Nc5 Qe8 35. Qd3 Ka8 36. f4 Qe7 37. fxe5 fxe5 38. Qd7 Qxd7 39. Nxd7 Nd6 40. Kf3 Nf7 41. Nf8 Nh8 42. g4 Ne8 43. g5 Nd6 44. Bc5 Nc8 45. Nd7 Nf7 46. Ke3 b6 47. axb6 axb6 48. Ba3 c5 49. Bb2 Kb7 50. Nxe5 Nxe5 51. Bxe5 Kc6 52. Kf4 Kd7 53. Bb2 Ke6 54. Ke3 Ne7 55. Kd3 b5 56. Ba3 Kd6 57. Bc1 Nc6 58. Bf4+ Ke6 59. Bg3 Ne5+ 60. Bxe5 Kxe5 61. Ke3 c4 62. b4 c3 63. Kd3 c2 64. Kxc2 Kxe4 65. Kc3 Ke3 66. Kc2 Kd4 67. Kd2 Kc4 68. Ke3 Kxb4 69. Ke4 Kc5 70. Ke5 b4 71. Kf6 b3 72. Kxg6 b2 73. Kxh5 b1=Q 74. Kh6 Kd6 75. g6 Qc1+ 76. Kh7 Qh1 77. g7 Qxh4+ 78. Kg6 Qg4+ 79. Kf7 Qe6+ 80. Kf8 Qf6+ 81. Kg8 Ke7 82. Kh7 Qf7 83. Kh6 Qg8 84. Kg6 Ke6 85. Kh6 Kf5 0-1

[Event "Dhaka New White Plus op"]
[Site "Dhaka"]
[Date "2002.04.01"]
[Round "3"]
[White "Murshed, Niaz"]
[Black "Goloshchapov, Alexander"]
[Result "1/2-1/2"]
[WhiteElo "2448"]
[BlackElo "2545"]
[PlyCount "22"]
[EventDate "2002.03.30"]
[Source "ChessBase"]
[SourceDate "2002.05.03"]

1. d4 d5 2. c4 c6 3. Nc3 dxc4 4. e4 b5 5. a4 b4 6. Na2 Nf6 7. e5 Nd5 8. Bxc4 e6 9. Nf3 Be7 10. O-O Bb7 11. Bd2 a5 1/2-1/2

[Event "Rilton Cup 9899"]
[Site "Stockholm"]
[Date "1999.01.02"]
[Round "5"]
[White "Akesson, Ralf"]
[Black "Gretarsson, Helgi Ass"]
[Result "1/2-1/2"]
[WhiteElo "2510"]
[BlackElo "2480"]
[PlyCount "75"]
[EventDate "1998.12.??"]
[Source "ChessBase"]
[SourceDate "1999.03.01"]

1. d4 d5 2. c4 c6 3. Nc3 dxc4 4. e4 b5 5. a4 b4 6. Na2 Nf6 7. e5 Nd5 8. Bxc4 e6 9. Nf3 Be7 10. O-O O-O 11. Bd2 a5 12. Nc1 c5 13. dxc5 Ba6 14. Qc2 Bxc5 15. Ng5 g6 16. Bxa6 Nxa6 17. Nb3 Be7 18. Ne4 Nb8 19. Bh6 Re8 20. Nd4 Qb6 21. Nb5 Nd7 22. Ned6 Bxd6 23. exd6 Rac8 24. Qe4 Rc6 25. Rac1 Rec8 26. Rxc6 Qxc6 27. h3 Nc3 28. Nxc3 bxc3 29. Qd4 e5 30. Qxc3 Qxc3 31. bxc3 Rxc3 32. Rb1 Rc6 33. Rb5 Ra6 34. Bd2 Rxd6 35. Bxa5 Rd1+ 36. Kh2 Ra1 37. Bc3 Rxa4 38. Bxe5 1/2-1/2

[Event "Testa GM"]
[Site "Griesheim"]
[Date "2004.01.22"]
[Round "3"]
[White "Savchenko, Stanislav"]
[Black "Drabke, Lorenz"]
[Result "1-0"]
[WhiteElo "2543"]
[BlackElo "2439"]
[PlyCount "37"]
[EventDate "2004.01.20"]
[Source "Roberto Alvarez"]
[SourceDate "2004.02.09"]

1. d4 d5 2. c4 c6 3. Nc3 dxc4 4. e4 b5 5. a4 b4 6. Nce2 Nf6 7. Ng3 Ba6 8. Nf3 e6 9. Bg5 c5 10. Rc1 cxd4 11. Bxc4 Bc5 12. e5 h6 13. exf6 hxg5 14. fxg7 Rg8 15. Bxa6 Nxa6 16. Qd3 Qb6 17. Nh5 O-O-O 18. Nxg5 f6 19. Ne4 1-0

[Event "Wroclaw (Poland)"]
[Site "?"]
[Date "2005.07.01"]
[Round "7"]
[White "Shishkin Vadim"]
[Black "Starostits Ilmars"]
[Result "1/2-1/2"]
[WhiteElo "2507"]
[BlackElo "2474"]
[PlyCount "32"]
[EventDate "2005.??.??"]
[Source "www.chesslib.no"]
[SourceDate "2004.05.04"]

1. d4 d5 2. c4 c6 3. Nc3 dxc4 4. e4 b5 5. a4 b4 6. Na2 Nf6 7. e5 Nd5 8. Bxc4 Bf5 9. Nf3 e6 10. Bg5 Qb6 11. O-O h6 12. Bd2 a5 13. Nc1 Nd7 14. Nb3 Be7 15. Qe2 O-O 16. Rfc1 f6 1/2-1/2

[Event "Cappelle op 16th"]
[Site "Cappelle la Grande"]
[Date "2000.02.26"]
[Round "9"]
[White "Agdestein, Simen"]
[Black "Shaw, John"]
[Result "0-1"]
[WhiteElo "2588"]
[BlackElo "2392"]
[PlyCount "118"]
[EventDate "2000.02.19"]
[Source "ChessBase"]
[SourceDate "2000.03.10"]

1. d4 d5 2. c4 c6 3. Nc3 dxc4 4. e4 b5 5. a4 b4 6. Nce2 a5 7. Ng3 Ba6 8. Be3 Nd7 9. Nf3 e6 10. Rc1 c3 11. bxc3 bxc3 12. Bxa6 Rxa6 13. O-O Bb4 14. Qe2 Qa8 15. Ng5 h6 16. Qh5 g6 17. Qh3 Qd8 18. f4 Qf6 19. Nf3 Ne7 20. Ne5 Nxe5 21. dxe5 Qg7 22. Bd4 c5 23. Bxc3 O-O 24. Ba1 Nc6 25. f5 Re8 26. Rcd1 Nd4 27. f6 Qf8 28. Rf4 Rd8 29. Rd3 Be1 30. Bxd4 Rxd4 31. Ne2 Rxd3 32. Qxd3 Ra8 33. Rf1 Rd8 34. Qc4 Bb4 35. Nf4 Rd4 36. Qa6 Rxe4 37. Nxg6 fxg6 38. Qxe6+ Qf7 39. Qc8+ Kh7 40. Ra1 Re1+ 41. Rxe1 Bxe1 42. Qxc5 Bb4 43. Qc8 h5 44. h4 Be1 45. Qc5 Bxh4 46. Qxa5 Bg3 47. Qc5 Qb3 48. Qc7+ Kh6 49. Qc1+ g5 50. f7 Qxf7 51. Qe3 h4 52. a5 Qf5 53. Qc1 Qf2+ 54. Kh1 Qe1+ 55. Qxe1 Bxe1 56. a6 Bf2 57. g3 hxg3 58. Kg2 Kg6 59. Kf3 Kf5 0-1

[Event "Clarin GP f"]
[Site "Villa Gisell"]
[Date "1998.03.17"]
[Round "11"]
[White "Slipak, Sergio"]
[Black "Ginzburg, Maximiliano"]
[Result "0-1"]
[WhiteElo "2510"]
[BlackElo "2470"]
[PlyCount "70"]
[EventDate "1998.03.07"]
[Source "ChessBase"]
[SourceDate "1998.06.15"]

1. d4 d5 2. c4 c6 3. Nc3 dxc4 4. e4 b5 5. a4 b4 6. Na2 Nf6 7. e5 Nd5 8. Bxc4 Bf5 9. Ne2 e6 10. Ng3 Bg6 11. O-O Be7 12. f4 O-O 13. f5 exf5 14. Nxf5 a5 15. Nxe7+ Qxe7 16. Qg4 Qd7 17. Qh4 Na6 18. Bd2 Nb6 19. Bxa6 Rxa6 20. Nc1 Qd5 21. Bg5 Re8 22. Qf2 c5 23. Ne2 cxd4 24. Nf4 Qd7 25. Rad1 Qf5 26. Rxd4 Nxa4 27. h4 h6 28. Bd8 Qxe5 29. h5 Be4 30. Nd3 Qxh5 31. Re1 Ra8 32. Nf4 Qf5 33. Qd2 Kh7 34. Bc7 Nc5 35. Nd5 Nb3 0-1

[Event "Hellir op"]
[Site "Reykjavik"]
[Date "1997.10.29"]
[Round "6"]
[White "Olafsson, Helgi"]
[Black "Gretarsson, Helgi Ass"]
[Result "1/2-1/2"]
[WhiteElo "2505"]
[BlackElo "2475"]
[PlyCount "39"]
[EventDate "1997.10.24"]
[Source "ChessBase"]
[SourceDate "1998.03.09"]

1. d4 d5 2. c4 c6 3. Nc3 dxc4 4. e4 b5 5. a4 b4 6. Na2 Nf6 7. f3 e5 8. dxe5 Qxd1+ 9. Kxd1 Nfd7 10. e6 fxe6 11. Bxc4 Nb6 12. Bf1 a5 13. b3 Ba6 14. Nh3 c5 15. Nf4 Bxf1 16. Rxf1 c4 17. Be3 N8d7 18. Bxb6 Nxb6 19. Kc2 Ke7 20. bxc4 1/2-1/2

[Event "Memorial V.Doroshkevich (open)"]
[Site "Belorechensk (Russia)"]
[Date "2007.05.30"]
[Round "2"]
[White "Lastin Alexander (RUS)"]
[Black "Eraschenkov Denis (RUS)"]
[Result "1-0"]
[WhiteElo "2590"]
[BlackElo "2388"]
[PlyCount "55"]
[EventDate "2007.??.??"]
[Source "www.chesslib.no"]
[SourceDate "2004.05.04"]

1. d4 d5 2. c4 c6 3. Nc3 dxc4 4. e4 e5 5. Nf3 exd4 6. Qxd4 Qxd4 7. Nxd4 b5 8. a4 b4 9. Nd1 Nf6 10. f3 Ba6 11. Be3 Nfd7 12. Rc1 Ne5 13. Nf2 g6 14. f4 Bh6 15. Nc2 Nd3+ 16. Nxd3 cxd3 17. Nxb4 d2+ 18. Kxd2 Bb7 19. Bc4 O-O 20. Ke2 Nd7 21. Rhd1 Nb6 22. Bb3 Rfb8 23. e5 Bf8 24. Nxc6 Rc8 25. Nxa7 Rxc1 26. Rxc1 Bd5 27. Bxd5 Nxd5 28. Rc8 1-0

[Event "It (Men) Budapest HUN"]
[Site "?"]
[Date "2000.07.20"]
[Round "2"]
[White "Arlandi Ennio"]
[Black "Varga Zoltan"]
[Result "0-1"]
[WhiteElo "2437"]
[BlackElo "2541"]
[PlyCount "80"]
[EventDate "2000.??.??"]
[Source "www.chesslib.no"]
[SourceDate "2004.05.04"]

1. d4 d5 2. c4 c6 3. Nc3 dxc4 4. e4 b5 5. a4 b4 6. Na2 Nf6 7. e5 Nd5 8. Bxc4 e6 9. Nf3 Be7 10. Bd2 a5 11. Nc1 Nd7 12. Nb3 N5b6 13. Bd3 c5 14. dxc5 Nxc5 15. Nxc5 Bxc5 16. Qe2 Bd7 17. O-O Nd5 18. Rfc1 Qb6 19. Ng5 Be7 20. Qg4 h6 21. Ne4 Kf8 22. Rc4 Rd8 23. Ng3 Be8 24. Qe2 g6 25. h4 Qb8 26. h5 g5 27. b3 Nb6 28. Rc2 Rd5 29. Re1 Nd7 30. f4 gxf4 31. Bxf4 Bg5 32. Bxg5 hxg5 33. Bb5 Nxe5 34. Rec1 Qb6+ 35. Kh1 Bxb5 36. axb5 Kg7 37. Rc7 Qd4 38. Ne4 g4 39. Ng3 Qf4 40. Qe1 Rd3 0-1

[Event "Open 4 jours"]
[Site "Geneva"]
[Date "2003.04.25"]
[Round "3.2"]
[White "Milov, Vadim"]
[Black "Starostits, Ilmars"]
[Result "1-0"]
[WhiteElo "2574"]
[BlackElo "2399"]
[PlyCount "67"]
[EventDate "2003.04.24"]
[Source "Roberto Alvarez"]
[SourceDate "2003.05.12"]

1. d4 d5 2. c4 c6 3. Nc3 dxc4 4. e4 b5 5. a4 b4 6. Na2 Nf6 7. e5 Nd5 8. Bxc4 Bf5 9. Ne2 e6 10. O-O Nd7 11. Ng3 Bg6 12. Bd2 Qb6 13. Be3 Be7 14. Nc1 a5 15. Nb3 O-O 16. Qg4 Nxe3 17. fxe3 c5 18. Kh1 cxd4 19. exd4 Rfc8 20. Rac1 Qd8 21. Bb5 Nb6 22. Rxc8 Qxc8 23. h4 Qc2 24. Qf3 h5 25. Nxh5 Bxh4 26. Nc5 Qf5 27. Nf4 Nd5 28. Nxg6 Qxg6 29. Bd3 f5 30. Nxe6 Qxe6 31. Bxf5 Qc6 32. Be4 Rd8 33. Qf7+ Kh8 34. Qf8+ 1-0

[Event "Seefeld op"]
[Site "Seefeld"]
[Date "1996.??.??"]
[Round "?"]
[White "Farago, Ivan"]
[Black "Milov, Leonid"]
[Result "0-1"]
[WhiteElo "2515"]
[BlackElo "2455"]
[PlyCount "120"]
[EventDate "1996.??.??"]
[Source "www.chesslib.no"]
[SourceDate "2004.05.04"]

1. d4 d5 2. c4 c6 3. Nc3 dxc4 4. e4 b5 5. a4 b4 6. Na2 Nf6 7. e5 Nd5 8. Bxc4 e6 9. Ne2 a5 10. O-O Nb6 11. Bd3 Ba6 12. Bxa6 Nxa6 13. Be3 c5 14. Nf4 cxd4 15. Bd2 Nc5 16. Nc1 Be7 17. Qg4 g6 18. Nfd3 h5 19. Qf3 Qd5 20. Nxc5 Qxf3 21. gxf3 Bxc5 22. Nb3 Be7 23. Rfc1 d3 24. Be3 Nd5 25. Rc4 Kd7 26. Rd1 Rhc8 27. Rxc8 Rxc8 28. Rxd3 Bd8 29. Kf1 Rc2 30. Rd2 Rc4 31. Rd4 Rc6 32. Ke2 Bb6 33. Rd2 Kc7 34. Kd3 Kb7 35. Rc2 Rxc2 36. Kxc2 Bc7 37. Bd4 Nf4 38. Kd2 Kc6 39. Ke3 g5 40. Ke4 Ng2 41. Bc5 Nf4 42. Be3 Ng6 43. Bxg5 Nxe5 44. Bf6 Nd7 45. Bd4 f5+ 46. Kd3 Bxh2 47. Nxa5+ Kd5 48. Nc4 Nc5+ 49. Bxc5 Kxc5 50. b3 h4 51. Ke2 Bb8 52. Kf1 Kd4 53. Na5 Bc7 54. Nc6+ Kc3 55. a5 Kxb3 56. a6 Bb6 57. a7 Bxa7 58. Nxa7 Ka4 59. Nc6 b3 60. Nd4 b2 0-1

[Event "Elista ol (Men)"]
[Site "Elista"]
[Date "1998.10.12"]
[Round "13"]
[White "Sasikiran, Krishnan"]
[Black "Hauchard, Arnaud"]
[Result "1-0"]
[WhiteElo "2470"]
[BlackElo "2500"]
[PlyCount "65"]
[EventDate "1998.09.29"]
[Source "ChessBase"]
[SourceDate "1998.11.06"]

1. d4 d5 2. c4 c6 3. Nc3 dxc4 4. e4 b5 5. a4 b4 6. Na2 Nf6 7. e5 Nd5 8. Bxc4 Bf5 9. Nf3 e6 10. Bg5 Qb6 11. Nc1 a5 12. Nb3 h6 13. Bh4 Nd7 14. O-O g5 15. Bg3 Be7 16. Be2 h5 17. h3 h4 18. Bh2 g4 19. hxg4 Bxg4 20. Nfd2 Bxe2 21. Qxe2 Qa6 22. Qxa6 Rxa6 23. Nc4 Bd8 24. Rfc1 Rg8 25. Rc2 h3 26. Bg3 hxg2 27. Kxg2 Bc7 28. Kf3 Kd8 29. Rh1 Kc8 30. Rh7 Rf8 31. Bh4 f6 32. Rxd7 fxe5+ 33. Ke2 1-0

[Event "Clichy"]
[Site "Clichy"]
[Date "1995.??.??"]
[Round "?"]
[White "Flear, Glenn C"]
[Black "Nikcevic, Nebojsa"]
[Result "1/2-1/2"]
[WhiteElo "2495"]
[BlackElo "2470"]
[PlyCount "60"]
[EventDate "1995.09.??"]
[Source "ChessBase"]

1. d4 d5 2. c4 c6 3. Nc3 dxc4 4. e4 e5 5. Nf3 exd4 6. Qxd4 Qxd4 7. Nxd4 Nf6 8. Bxc4 b5 9. Bd3 a6 10. e5 Nfd7 11. f4 c5 12. Nf3 Bb7 13. O-O c4 14. Bc2 Nc5 15. Be3 Nc6 16. Nd5 O-O-O 17. Rad1 h6 18. Rf2 Kb8 19. Rfd2 Nd3 20. Bxd3 Rxd5 21. Be4 Rxd2 22. Rxd2 Kc7 23. Bf5 Bc8 24. Bxc8 Kxc8 25. Kf1 Bb4 26. Rd1 Re8 27. Kf2 Bf8 28. Ne1 Rd8 29. Rxd8+ Kxd8 30. Nc2 Nb4 1/2-1/2

[Event "Villa Martelli"]
[Site "Villa Martelli"]
[Date "1998.05.20"]
[Round "2"]
[White "Slipak, Sergio"]
[Black "Rojas, Luis"]
[Result "1-0"]
[WhiteElo "2510"]
[BlackElo "2455"]
[PlyCount "55"]
[EventDate "1998.05.??"]
[Source "ChessBase"]
[SourceDate "1998.08.06"]

1. d4 d5 2. c4 c6 3. Nc3 dxc4 4. e4 b5 5. a4 b4 6. Na2 Nf6 7. e5 Nd5 8. Bxc4 e6 9. Nf3 Be7 10. Bd2 a5 11. Nc1 Bb7 12. Nb3 Nd7 13. O-O O-O 14. Qe2 c5 15. dxc5 Nxc5 16. Nxc5 Bxc5 17. Bd3 Ne7 18. Rad1 h6 19. Bxh6 Bxf3 20. Qxf3 gxh6 21. Qf4 Qb6 22. Qxh6 Nf5 23. Qg5+ Ng7 24. Qh4 Nf5 25. Qg4+ Ng7 26. Qe4 Nf5 27. g4 Kg7 28. Kh1 1-0

[Event "Stockholm2"]
[Site "Stockholm"]
[Date "1998.08.02"]
[Round "2"]
[White "Agrest, Evgenij"]
[Black "Fries Nielsen, Jens Ove"]
[Result "1-0"]
[WhiteElo "2545"]
[BlackElo "2420"]
[PlyCount "73"]
[EventDate "1998.08.??"]
[Source "www.chesslib.no"]
[SourceDate "2004.05.04"]

1. d4 d5 2. c4 c6 3. Nc3 dxc4 4. e4 b5 5. a4 b4 6. Nb1 Nf6 7. e5 Nd5 8. Bxc4 Bf5 9. Ne2 e6 10. O-O Nd7 11. Ng3 Bg6 12. f4 Ne7 13. a5 Nf5 14. Nxf5 Bxf5 15. Nd2 h5 16. Nb3 Be7 17. Be3 g6 18. Qf3 Rc8 19. Rfc1 O-O 20. g3 Kg7 21. Qg2 Rh8 22. Be2 g5 23. Rxc6 Rxc6 24. Qxc6 gxf4 25. Bxf4 Nf8 26. Rf1 Ng6 27. Be3 Bg5 28. Bxg5 Qxg5 29. Qc1 Qd8 30. Qe3 Ne7 31. Qg5+ Ng6 32. Qxd8 Rxd8 33. Rc1 h4 34. Rc7 hxg3 35. hxg3 Be4 36. Nc5 Bd5 37. Bf1 1-0

[Event "Hamburg"]
[Site "?"]
[Date "2005.10.04"]
[Round "4.6"]
[White "Halkias Stelios"]
[Black "Wemmers Xander"]
[Result "0-1"]
[WhiteElo "2548"]
[BlackElo "2414"]
[PlyCount "82"]
[EventDate "2005.??.??"]
[Source "www.chesslib.no"]
[SourceDate "2004.05.04"]

1. d4 d5 2. c4 c6 3. Nc3 dxc4 4. e4 b5 5. a4 b4 6. Na2 Nf6 7. e5 Nd5 8. Bxc4 e6 9. Nf3 Be7 10. O-O a5 11. Be3 Ba6 12. Qe2 O-O 13. Rfd1 Qb6 14. Nc1 c5 15. Nb3 Nxe3 16. fxe3 cxd4 17. Bxa6 Nxa6 18. exd4 Nc7 19. Nfd2 Nd5 20. Ne4 Rfc8 21. Rac1 Rxc1 22. Rxc1 Qd8 23. Rf1 Nb6 24. Qf2 Qe8 25. Nbc5 Rd8 26. Nb7 Rd7 27. Nbd6 Bxd6 28. Nxd6 Qe7 29. Qe2 Qh4 30. Rd1 h6 31. Qb5 Qg4 32. Rd3 Rc7 33. h3 Rc1+ 34. Kh2 Qf4+ 35. Rg3 Qf2 36. Rg4 h5 37. Qe8+ Kh7 38. Nxf7 Qg1+ 39. Kg3 Qe3+ 40. Kh2 hxg4 41. hxg4 Qf4+ 0-1

[Event "It (Men) Budapest HUN"]
[Site "?"]
[Date "2000.05.24"]
[Round "3"]
[White "Markus Robert"]
[Black "Varga Zoltan"]
[Result "0-1"]
[WhiteElo "2436"]
[BlackElo "2525"]
[PlyCount "74"]
[EventDate "2000.??.??"]
[Source "www.chesslib.no"]
[SourceDate "2004.05.04"]

1. d4 d5 2. c4 c6 3. Nc3 dxc4 4. e4 b5 5. a4 b4 6. Na2 Nf6 7. e5 Nd5 8. Bxc4 Bf5 9. Ne2 e6 10. O-O a5 11. Ng3 Bg6 12. f4 Qd7 13. Qf3 Be7 14. f5 Bxf5 15. Nxf5 exf5 16. Qxf5 Qxf5 17. Rxf5 Nd7 18. Bd2 N7b6 19. Bb3 c5 20. dxc5 Bxc5+ 21. Kh1 O-O 22. Rd1 Rad8 23. Bg5 Rd7 24. Rf3 Re8 25. Nc1 Rxe5 26. Nd3 Rxg5 27. Nxc5 Rc7 28. h4 Rh5 29. Bxd5 Nxd5 30. Nb3 g6 31. Rd4 Nb6 32. Rf6 Nxa4 33. Ra6 Nc5 34. Ra8+ Kg7 35. Nxa5 Ne6 36. Rxb4 Rc1+ 37. Kh2 Ra1 0-1

[Event "BCF-ch"]
[Site "Nottingham"]
[Date "1996.??.??"]
[Round "6"]
[White "Ward, Christopher"]
[Black "Summerscale, Aaron"]
[Result "1-0"]
[WhiteElo "2460"]
[BlackElo "2500"]
[PlyCount "35"]
[EventDate "1996.08.??"]
[Source "ChessBase"]

1. d4 d5 2. c4 c6 3. Nc3 dxc4 4. e4 b5 5. a4 b4 6. Nb1 Ba6 7. Nf3 Nf6 8. e5 Nd5 9. Ng5 h6 10. Qh5 hxg5 11. Qxh8 Nf4 12. Be3 Qd5 13. f3 Ne6 14. Nd2 Nxd4 15. O-O-O c3 16. Nc4 Bxc4 17. Rxd4 Qxe5 18. Qxf8+ 1-0

[Event "Summer II"]
[Site "Alushta"]
[Date "2004.05.28"]
[Round "9"]
[White "Taleb, Moussa"]
[Black "Hasangatin, Ramil"]
[Result "1-0"]
[WhiteElo "2456"]
[BlackElo "2503"]
[PlyCount "67"]
[EventDate "2004.05.22"]
[Source "Roberto Alvarez"]
[SourceDate "2004.06.07"]

1. d4 d5 2. c4 c6 3. Nc3 dxc4 4. e4 b5 5. a4 b4 6. Na2 Nf6 7. e5 Nd5 8. Bxc4 Bf5 9. Ne2 e6 10. O-O Be7 11. Be3 O-O 12. Nac1 Nd7 13. a5 Nxe3 14. fxe3 c5 15. Nf4 cxd4 16. exd4 Bg5 17. Nce2 Rc8 18. b3 Qe7 19. Ng3 Bg6 20. Nxg6 hxg6 21. Qg4 Be3+ 22. Kh1 Rfd8 23. Rf3 Bh6 24. Raf1 Nf8 25. Ne4 Rc7 26. Rxf7 Qxf7 27. Rxf7 Rxf7 28. Nd6 Rf4 29. Qd1 Rf2 30. g3 Rd2 31. Qf3 Kh7 32. Qf7 Rxd4 33. Ne8 Nd7 34. Bxe6 1-0

[Event "Dutch Championship 2005"]
[Site "?"]
[Date "2005.09.09"]
[Round "4"]
[White "Ernst Sipke"]
[Black "Janssen Ruud"]
[Result "1-0"]
[WhiteElo "2457"]
[BlackElo "2501"]
[PlyCount "249"]
[EventDate "2005.??.??"]
[Source "www.chesslib.no"]
[SourceDate "2004.05.04"]

1. d4 d5 2. c4 c6 3. Nc3 dxc4 4. e4 b5 5. a4 b4 6. Na2 Nf6 7. e5 Nd5 8. Bxc4 e6 9. Nf3 Be7 10. Qe2 Nb6 11. Bd3 Nxa4 12. Qe4 a5 13. Qg4 g6 14. Bc2 h5 15. Qg3 Nb6 16. O-O Ba6 17. Re1 Bc4 18. Ng5 Rg8 19. Re4 Bd5 20. h4 Bxe4 21. Bxe4 Nd5 22. Qf3 Bxg5 23. Bxg5 Qb6 24. Bxd5 cxd5 25. Qf6 Nc6 26. Rc1 Qd8 27. Rxc6 Qxf6 28. Bxf6 Kd7 29. Rd6+ Kc7 30. Kf1 Rgb8 31. Ke2 a4 32. Kd2 b3 33. Nc3 a3 34. bxa3 Rxa3 35. Bd8+ Kc8 36. Be7 Ra1 37. Rd8+ Kc7 38. Rxb8 Kxb8 39. Nd1 Ra2+ 40. Kc3 Rc2+ 41. Kxb3 Rd2 42. Nc3 Rxf2 43. Nb5 Kc8 44. Bg5 Kd7 45. Nd6 Rxg2 46. Nxf7 Ke8 47. Nd6+ Kf8 48. Nb5 Ke8 49. Nd6+ Kf8 50. Nb7 Ke8 51. Nc5 Kf7 52. Nd3 Rg1 53. Kc3 Rg2 54. Ne1 Ra2 55. Kd3 Ra3+ 56. Ke2 Rg3 57. Kf2 Rg4 58. Nf3 Ke8 59. Ke3 Re4+ 60. Kd3 Rg4 61. Nd2 Rg3+ 62. Ke2 Rg2+ 63. Ke3 Rg3+ 64. Kf2 Rg4 65. Nf3 Kf7 66. Bd2 Ke8 67. Be3 Kd7 68. Ke2 Rg2+ 69. Bf2 Rg4 70. Nh2 Re4+ 71. Kf3 Ke8 72. Nf1 Rg4 73. Nh2 Re4 74. Kg2 Ke7 75. Nf3 Rg4+ 76. Kf1 Rf4 77. Ng5 Kd7 78. Ke2 Rg4 79. Kf3 Ke7 80. Nh3 Kd7 81. Ng5 Ke7 82. Nh7 g5 83. Nxg5 Kd7 84. Nh3 Rg8 85. Nf4 Rf8 86. Be3 Rf7 87. Ke2 Rh7 88. Nh3 Rh8 89. Bg5 Ra8 90. Nf4 Rh8 91. Bf6 Rh7 92. Kd3 Rh6 93. Kc3 Rh7 94. Kb4 Rh6 95. Kb5 Rh7 96. Nd3 Ke8 97. Kc6 Ra7 98. Nf4 Kf7 99. Nxh5 Ra6+ 100. Kc5 Ra5+ 101. Kb4 Ra1 102. Nf4 Rb1+ 103. Kc3 Rf1 104. Nd3 Rf3 105. Kd2 Rg3 106. Nc5 Ra3 107. Nb7 Kg6 108. Nd8 Kf5 109. h5 Rh3 110. Nf7 Rxh5 111. Nd6+ Kf4 112. Kc3 Rh3+ 113. Kb4 Rd3 114. Kc5 Rc3+ 115. Kb6 Ke3 116. Nb5 Rc4 117. Be7 Ke4 118. Bc5 Rc1 119. Kc6 Ra1 120. Kd6 Kf5 121. Ke7 Rh1 122. Nd + Kf4 123. Kxe6 Rh6+ 124. Kxd5 Rh8 125. e6 1-0